Rodovo citlivé rozpočtovanie na úrovni samospráv

Integrácia rodovej perspektívy do rozpočtovania verejných prostriedkov má svoje opodstatnenie na úrovni štátneho rozpočtu predovšetkým pre jednotlivých správcov rozpočtových kapitol, pri realizácii a hodnotení ich programov. Väčší dôraz by sa mal klásť na miestnu úroveň, ktorá dokáže senzitívnejšie...

Ausführliche Beschreibung

Gespeichert in:
Bibliographische Detailangaben
1. Verfasser: Neupauerová, Zuzana
Format: Buchkapitel
Sprache:Slowakisch
Schlagworte:
Tags: Tag hinzufügen
Keine Tags, Fügen Sie das erste Tag hinzu!

MARC

LEADER 00000nla a2200000 4500
001 0162625
005 20240502072821.7
041 0 |a slo 
044 |a SK 
245 1 0 |a Rodovo citlivé rozpočtovanie na úrovni samospráv  |c Zuzana Neupauerová 
520 |a Integrácia rodovej perspektívy do rozpočtovania verejných prostriedkov má svoje opodstatnenie na úrovni štátneho rozpočtu predovšetkým pre jednotlivých správcov rozpočtových kapitol, pri realizácii a hodnotení ich programov. Väčší dôraz by sa mal klásť na miestnu úroveň, ktorá dokáže senzitívnejšie vnímať potreby oboch pohlaví v rámci svojho regiónu. V tejto oblasti neexistuje štandardne jednotná metodika pre zavádzanie analytických nástrojov. Tradičné rozpočtovej klasifikácie nie sú vyhovujúce. Bude preto vhodné postupné zavádzanie "gender mainstreamingu" do vybraných oblastí štátnej politiky s následným vyhodnocovaním a integráciou získaných poznatkov do budúcich rozpočtových procesov. 
610 2 0 |a rozpočtovanie 
610 2 0 |a rozpočet štátny 
610 2 0 |a rozpočet miestny 
610 2 0 |a výdavky 
610 2 0 |a samospráva miestna 
610 2 0 |a rovnosť rodová 
100 1 |a Neupauerová, Zuzana